000
00193nam a2200085Ia 4500
008
120527s9999 xx 000 0 und d
100
_a
Bilodeau, A.
245
_a
Acquisition of skill
942
_c
BK
999
_c
27767
_d
27767